Basic sociology for social work (BSW-422) / (Record no. 121040)
[ view plain ]
| 000 -LEADER | |
|---|---|
| fixed length control field | 00519nam a22001697a 4500 |
| 008 - FIXED-LENGTH DATA ELEMENTS--GENERAL INFORMATION | |
| fixed length control field | 250325b |||||||| |||| 00| 0 eng d |
| 020 ## - INTERNATIONAL STANDARD BOOK NUMBER | |
| International Standard Book Number | 9789937961875 |
| 082 ## - DEWEY DECIMAL CLASSIFICATION NUMBER | |
| Edition number | 23rd. |
| Classification number | 301 |
| Item number | R137b |
| 100 1# - MAIN ENTRY--PERSONAL NAME | |
| Personal name | Rajbhandari, Raj Kumar |
| 9 (RLIN) | 36981 |
| 245 ## - TITLE STATEMENT | |
| Title | Basic sociology for social work (BSW-422) / |
| Statement of responsibility, etc. | Raj Kumar Rajbhandari. |
| 260 ## - PUBLICATION, DISTRIBUTION, ETC. | |
| Place of publication, distribution, etc. | Kathmandu : |
| Name of publisher, distributor, etc. | R. R. Publisher and Distributor, |
| Date of publication, distribution, etc. | 2025. |
| 300 ## - PHYSICAL DESCRIPTION | |
| Extent | 320p. : ill. |
| 500 ## - GENERAL NOTE | |
| General note | Includes references. |
| 650 ## - SUBJECT ADDED ENTRY--TOPICAL TERM | |
| Topical term or geographic name entry element | Sociology |
| 650 ## - SUBJECT ADDED ENTRY--TOPICAL TERM | |
| Topical term or geographic name entry element | Social work |
| 942 ## - ADDED ENTRY ELEMENTS (KOHA) | |
| Source of classification or shelving scheme | Dewey Decimal Classification |
| Koha item type | ISBN |
| Withdrawn status | Lost status | Source of classification or shelving scheme | Damaged status | Not for loan | Home library | Current library | Date acquired | Total Checkouts | Full call number | Barcode | Date last seen | Price effective from | Koha item type |
|---|---|---|---|---|---|---|---|---|---|---|---|---|---|
| Dewey Decimal Classification | Tribhuvan University Central Library | Tribhuvan University Central Library | 03/25/2025 | 301 R137b | IS34629 | 03/25/2025 | 03/25/2025 | ISBN | |||||
| Dewey Decimal Classification | Tribhuvan University Central Library | Tribhuvan University Central Library | 03/25/2025 | 301 R137b | IS34630 | 03/25/2025 | 03/25/2025 | ISBN |
